Loading...
| History - Other | 0 | 4 | 0 | 2 | 40 | 65 | 96.25 | 0 | 1 | 0.00 | 0.00 |
| Science - Physics | 0 | 4 | 1 | 2 | 35 | 23 | 70.25 | 0 | 2 | 0.00 | 0.00 |
| History - European | 0 | 3 | 0 | 1 | 30 | 63 | 93.33 | 1 | 1 | 0.00 | 0.00 |
| Fine Arts - Classical Music | 0 | 3 | 0 | 1 | 30 | 58 | 79.33 | 0 | 1 | 0.00 | 0.00 |
| Science - Other | 0 | 3 | 1 | 0 | 25 | 17 | 27.67 | 2 | 3 | 0.00 | 0.00 |
| History - World | 0 | 2 | 0 | 0 | 20 | 25 | 38.00 | 0 | 2 | 0.00 | 0.00 |
| Literature - British | 0 | 2 | 0 | 0 | 20 | 38 | 78.00 | 1 | 1 | 0.00 | 0.00 |
| Literature - European | 0 | 1 | 0 | 0 | 10 | 119 | 119.00 | 0 | 0 | 0.00 | 0.00 |
| Literature - American | 0 | 1 | 0 | 0 | 10 | 98 | 98.00 | 0 | 0 | 0.00 | 0.00 |
| Current Events | 0 | 1 | 0 | 0 | 10 | 41 | 41.00 | 0 | 1 | 0.00 | 0.00 |
| Philosophy | 0 | 1 | 1 | 0 | 5 | 57 | 57.00 | 0 | 1 | 0.00 | 0.00 |
| Science - Biology | 0 | 1 | 1 | 1 | 5 | 98 | 98.00 | 0 | 0 | 0.00 | 0.00 |
| Painting/Sculpture | 0 | 1 | 1 | 0 | 5 | 107 | 107.00 | 0 | 0 | 0.00 | 0.00 |
| Literature - World | 0 | 0 | 1 | 0 | -5 | 0.00 | 0 | 0 | 0.00 | 0.00 | |
| Religion | 0 | 0 | 2 | 0 | -10 | 0.00 | 0 | 0 | 0.00 | 0.00 |